[Event "Montreal Fete du travail"]
[Site "Montreal"]
[Date "2007.09.02"]
[Round "3"]
[White "Dorval, Hugo"]
[Black "Turcotte, Jonathan"]
[Result "1-0"]
[WhiteElo "1426"]
[BlackElo "1367"]
[PlyCount "25"]
[EventDate "2007.09.01"]
[EventType "swiss"]
[EventRounds "5"]
[EventCountry "CAN"]
[SourceTitle "EXT 2022"]
[Source "ChessBase"]
[SourceDate "2021.10.06"]
[SourceVersion "1"]
[SourceVersionDate "2021.10.06"]
[SourceQuality "1"]

1. a3 d5 2. d4 Nf6 3. Nf3 Bg4 4. Nbd2 e6 5. e3 Be7 6. Be2 0-0 7. 0-0 Nbd7 8. b4 a5 9. b5 a4 10. c4 c6 11. c5 cxb5 12. Bxb5 Ne4 13. Bxa4 1-0